|
000
|
01066nam0 2200301 450
|
|
001
|
nydsp0000398
|
|
005
|
20081217110410.0
|
|
010
|
|
@a7-109-07951-1@dCNY12.00
|
|
100
|
|
@a20081216d2004 em y0chiy0120 ea
|
|
101
|
0
|
@achi
|
|
102
|
|
@aCN@b110000
|
|
105
|
|
@ay z 000yy
|
|
106
|
|
@ar
|
|
200
|
1
|
@a牛羊饲料配制和使用技术@Aniu yang si liao pei zhi he shi yong ji shu@f柳楠,牟永义等编著
|
|
205
|
|
@a第一版
|
|
210
|
|
@a北京@c中国农业出版社@d2004.2
|
|
215
|
|
@a265页@d20cm
|
|
225
|
2
|
@a饲料实用技术丛书@Asi liao shi yong ji shu cong shu
|
|
304
|
|
@a附典型配方
|
|
330
|
|
@a本书内容包括牛羊饲料营养基础知识、饲料种类及营养成分、饲养标准、饲料配置及饲养技术、常用饲料简易加工技术、牧草和秸杆加工工艺与设备、精料补充料加工、饲料贮藏技术与要求等九部分。
|
|
410
|
0
|
@12001 @a饲料实用技术丛书
|
|
606
|
0
|
@a牛@Aniu@x配合饲料
|
|
606
|
0
|
@a羊@Ayang@x配合饲料
|
|
690
|
|
@aS823@v4
|
|
701
|
0
|
@a柳楠@Aliu nan@c(饲养学)@4编著
|
|
701
|
0
|
@a牟永义@Amu yong yi@f(1940~)@4编著
|
|
801
|
0
|
@aCN@bCDNYKJZYXY@c20081217
|
|
905
|
|
@aCDNYKJZYXY@dS823@e190@f5
|
|
|
|
|
| |
| 牛羊饲料配制和使用技术/柳楠,牟永义等编著.-第一版.-北京:中国农业出版社,2004.2 |
| 265页;20cm.-(饲料实用技术丛书) |
| |
| |
| ISBN 7-109-07951-1:CNY12.00 |
| 本书内容包括牛羊饲料营养基础知识、饲料种类及营养成分、饲养标准、饲料配置及饲养技术、常用饲料简易加工技术、牧草和秸杆加工工艺与设备、精料补充料加工、饲料贮藏技术与要求等九部分。 |
| ● |
正题名:牛羊饲料配制和使用技术
索取号:S823/190
 
预约/预借
| 序号
|
登录号
|
条形码
|
馆藏地/架位号
|
状态
|
备注
|
|
1
|
234293
|
300234293
|
流通三库四楼/
[索取号:S823/190]
|
在馆
|
|
|
2
|
234294
|
300234294
|
柳城-4楼/26架1列4层/
[索取号:S823/190]
|
在馆
|
|
|
3
|
234295
|
300234295
|
柳城-4楼/26架1列4层/
[索取号:S823/190]
|
在馆
|
|
|
4
|
234296
|
300234296
|
海科密-1楼/58架1列1层/
[索取号:S823/190]
|
在馆
|
|
|
5
|
234297
|
300234297
|
柳城-4楼/26架1列4层/
[索取号:S823/190]
|
在馆
|
|